Sardar Hari Singh Nalwa / (Record no. 198481)

MARC details
000 -LEADER
fixed length control field 00623nam a22002057a 4500
005 - DATE AND TIME OF LATEST TRANSACTION
control field 20230921104020.0
010 ## - LCCN (DPL NO)
LC control number ENG-138210
020 ## - INTERNATIONAL STANDARD BOOK NUMBER
International Standard Book Number 9789393435071
Terms of availability 999.00
035 ## - SYSTEM CONTROL NUMBER
System control number EN-121742
037 ## - SOURCE OF ACQUISITION
Source of stock number/acquisition DBAD/PUB
082 ## - DEWEY DECIMAL CLASSIFICATION NUMBER
Classification number 921
Edition number First 2022
100 ## - MAIN ENTRY--PERSONAL NAME
Personal name Sinha, Raiya
245 ## - TITLE STATEMENT
Title Sardar Hari Singh Nalwa /
Statement of responsibility, etc By Raiya Sinha
250 ## - EDITION STATEMENT
Edition statement First 2022
260 ## - PUBLICATION, DISTRIBUTION, ETC. (IMPRINT)
Place of publication, distribution, etc Uttar Pradesh
Name of publisher, distributor, etc Rathore Publishers & Distributors
Date of publication, distribution, etc 2022
270 ## - ADDRESS
Address Basement- 260, Shaktikand-III, Indirapuram
City Ghaziabad
Postal code 201010
300 ## - PHYSICAL DESCRIPTION
Extent 240 p.
Dimensions 23cm(hbk)
700 ## - ADDED ENTRY--PERSONAL NAME
Relator term Author
9 (RLIN) 56915
942 ## - ADDED ENTRY ELEMENTS (KOHA)
Source of classification or shelving scheme Dewey Decimal Classification
Item type English Books
Classification part 921
Call number suffix SIN
Holdings
Withdrawn status Lost status Not for loan Collection code Home library Current library Date acquired Source of acquisition Cost, normal purchase price Full call number Barcode Copy number Cost, replacement price Koha item type
      Non-fiction D.B.Act.Division Mobile Library 21/09/2023 DBAD/PUB 999.00 921 SIN EN-121742 1 999.00 English Books

© Delhi Public Library
Hit Counter
free hit counter